• 首页
  • 本馆介绍
  • 公告通知
  • 最新文献
  • 馆藏检索
  • 电子资源
  • 读者导购
  • 参考咨询
  • 我的图书馆
  • 登录
  • 详细信息显示
  • 放入我的书架
  • 预约/预借图书
  • 作者相关作品
  • 分类相关作品
  • 丛书相关作品
  • 出版社相关作品

书目信息

  • 表格格式
  • 工作单格式
  • 卡片格式
书名: The USA men and machines
作者: by Rachael L. Chapman ; with exercises by Ruth Crymes.
分册号:
分册名:
出版地: New York :
 
出版社: Regents Publishing Co., Inc
出版时间: 1968.
页数: 186 p.
开本:
丛书名:
中图分类号:
科图分类号:
其他分类号: H319.4
主题词:
电子资源:
000 00589nam 22001937a 4500
001 E0759545449
005 20070226163654.06
008 030918s1968 nyua b 000 0 eng d
020    @cCNY0.40.
040    @aNUL@cNUL
090    @aN029/W10
090    @aH319.4
099    @dH319.4@ex161:3
100 1  @aChapman, Rachael L.
245 14 @aThe USA men and machines :@bvocabulary range - 2400 words / @cby Rachael L. Chapman ; with exercises by Ruth Crymes.
260    @aNew York :@bRegents Publishing Co., Inc.,@c1968.
300    @a186 p.
700 1  @aCrymes, Ruth.
920    @a232010@z2
    
    The USA men and machines : : vocabulary range - 2400 words / / by Rachael L. Chapman ; with exercises by Ruth Crymes.-New York : : Regents Publishing Co., Inc., , 1968.
    186 p.
    
    
    ISBN CNY0.40.
    
●
相关链接 在E读中查询图书 在五车中查询图书 在当当中查询图书 在豆瓣中查询图书


正题名:USA men and machines     索取号:H319.4/x161:3         预约/预借

序号 登录号 条形码 馆藏地/架位号 状态 备注
1 100632   001199287   第四借阅区/ [索取号:H319.4/x161:3] 在馆    
2 100633   001199269   第四借阅区/ [索取号:H319.4/x161:3] 在馆    
3 100634   001199278   第二样本阅览室/ [索取号:H319.4/x161:3] 在馆    
唐山师范学院图书馆 欢迎您!
大连网信软件有限公司© 版权所有